| 000 | 00457nam a2200193Ia 4500 | ||
|---|---|---|---|
| 008 | 210210b1946 xxu||||| |||| 00| 0 eng d | ||
| 041 | _aeng | ||
| 082 | _a822/875 | ||
| 100 | _aMORRISH (Reginald) | ||
| 245 | _aPolice and crime detection today | ||
| 260 |
_aLondon _bOxford University Press _c1946 |
||
| 650 | _atoday | ||
| 650 | _aPolice | ||
| 650 | _adetection | ||
| 650 | _acrime | ||
| 650 | _aand | ||
| 690 | _aEnglish Prose | ||
| 906 | _a013059 | ||
| 999 |
_c131893 _d131893 |
||